Gentilé des pays du monde - Carte - Statistiques

Statistiques générales
  • Ce quiz a été pris 280 fois
  • Le résultat moyen est 124 sur 196
Réponses sur la Carte
Les réponses sont colorées sur une échelle allant du rouge au vert en fonction du pourcentage des utilisateurs qui les ont devinées à leur premier essai. Vous pouvez retrouver ces pourcentages ci-dessous.
 
Statistiques - réponses
Pays % Correct
Canadien
95%
Américain
94%
Français
94%
Mexicain
94%
Espagnol
92%
Allemand
91%
Brésilien
91%
Italien
91%
Portugais
91%
Russe
91%
Belge
90%
Irlandais
90%
Polonais
90%
Suisse
90%
Argentin
89%
Australien
89%
Chinois
89%
Danois
89%
Norvégien
89%
Algérien
88%
Chilien
88%
Grec
88%
Islandais
88%
Japonais
88%
Suédois
88%
Tunisien
88%
Turc
88%
Finlandais
87%
Marocain
87%
Ukrainien
87%
Colombien
86%
Roumain
86%
Autrichien
85%
Estonien
85%
Indien
85%
Letton
85%
Néerlandais
85%
Bolivien
84%
Croate
84%
Égyptien
84%
Mongol
84%
Péruvien
84%
Biélorusse
83%
Congolais
83%
Hongrois
83%
Indonésien
83%
Lituanien
83%
Slovaque
83%
Cubain
81%
Iranien
81%
Malien
81%
Pakistanais
81%
Tchèque
81%
Vénézuelien
81%
Vietnamien
81%
Slovène
80%
Somalien
80%
Thaïlandais
80%
Afghan
79%
Bulgare
79%
Irakien
79%
Albanais
78%
Sénégalais
78%
Syrien
78%
Éthiopien
77%
Nigerian
77%
Nigerien
77%
Serbe
77%
Soudanais
77%
Haïtien
76%
Libyen
76%
Malgache
75%
Luxembourgeois
74%
Cambodgien
73%
Camerounais
73%
Géorgien
73%
Guinéen
73%
Libanais
73%
Mauritanien
73%
Moldave
73%
Népalais
73%
Saoudien
73%
Arménien
72%
Équatorien
72%
Israëlien
72%
Malaisien
71%
Maltais
71%
Qatari
71%
Sud-Africain
71%
Uruguayen
71%
Angolais
70%
Jordanien
70%
Namibien
70%
Néo-Zélandais
70%
Nord-Coréen
70%
Sri Lankais
70%
Sud-Coréen
70%
Tchadien
70%
Macédonien
69%
Ouzbek
69%
Paraguayen
69%
Philippin
69%
Birman
68%
Bosnien
68%
Dominicain
67%
Jamaïcain
67%
Rwandais
67%
Tanzanien
67%
Zambien
67%
Britannique
66%
Centrafricain
65%
Chypriote
65%
Kazakh
65%
Kenyan
65%
Surinamais
65%
Taïwanais
65%
Ivoirien
64%
Monégasque
64%
Érythréen
62%
Omanais
62%
Comorien
61%
Kosovar
61%
Gabonais
60%
Mauricien
60%
Tadjik
60%
Ougandais
59%
Sud-Soudanais
59%
Togolais
59%
Yémenite
59%
Béninois
58%
Gambien
58%
Liberien
56%
Fidjien
55%
Salvadorien
55%
Azerbaïdjanais
54%
Guatemaltèque
54%
Djiboutien
53%
Koweïtien
53%
Vatican
53%
Botswanais
51%
Ghanéen
50%
Laotien
50%
Bhoutanais
49%
Micronésien
49%
Panaméen
49%
Burkinabé
48%
Émirati
48%
Cap-Verdien
47%
Monténégrin
47%
Eswatini
44%
Belizen
43%
Burundais
43%
Hondurien
43%
Kiribatien
43%
Singapourien
43%
Zimbabwéen
43%
Maldivien
42%
Turkmène
41%
Guyanien
39%
Seychellois
39%
Kirghize
37%
Lesothien
37%
Barbadien
36%
Grenadien
36%
Sierra Léonais
34%
Andorran
33%
Marshallais
33%
Papouasien
33%
Costaricien
32%
Saint-Marinais
32%
Tongien
32%
Bahamien
31%
Bangladais
30%
Liechtensteinois
30%
Samoan
30%
Bahreïnien
29%
Nicaraguayen
29%
Salomonien
28%
Brunéien
27%
Palaosien
27%
Mozambicain
24%
Sainte-Lucien
23%
Nauruan
20%
Equatoguinéen
19%
Malawite
18%
Vanuatais
18%
Dominiquais
17%
Tuvaluan
17%
Trinidadien
14%
Antiguayen
10%
Christophien
10%
Vincentais
9%
Santoméen
8%
Bissao-guinéen
7%
Est-Timorais
5%
Aucun quiz correspondant
Distribution des résultats
% des personnes avec chaque résultat
Percentile par nombre de réponses
Votre historique - résultats
Vous n’avez pas pris ce quiz